| 000 | 00836nam a2200241Ia 4500 | ||
|---|---|---|---|
| 003 | CO-CtgCURN | ||
| 005 | 20250410163705.0 | ||
| 008 | 190726s2005 xx g 000 0 spa d | ||
| 020 | _a9589771807 | ||
| 040 |
_aCO-CtgCURN _bspa _ccoctgcurn |
||
| 082 |
_a986.117 _bD536r |
||
| 100 |
_aDiago Julio, Lázaro _91715 |
||
| 245 | 0 |
_aRiohacha, Fenix del Caribe / _cLázaro Diago Julio |
|
| 260 |
_aRioacha : _bMinisterio de Cultura, _c2005 |
||
| 300 |
_a334 páginas ; _c21 centímetros |
||
| 490 | _aEstimulos a la investigación | ||
| 504 | _aIncluye referencias bibliográficas (p. 327-334) | ||
| 521 | _aAREA BASICA | ||
| 590 | _aTodos los programas acádemicos | ||
| 651 |
_aRiohacha _xHistoria _91716 |
||
| 942 |
_cBK _h986.117 _iD536r _2ddc _n0 |
||
| 999 |
_c30483 _d30483 |
||